Alle deutschen Städte mit A - Statistiken

Allgemein
  • Dieses Quiz wurde 2.067 mal gespielt
  • Das Durchschnittsergebnis liegt bei 28 aus 71
Antwortstatistiken
Einwohner Stadt BL % Korrekt
295.830 Augsburg BY
98%
248.878 Aachen NW
95%
2.314 Aach (Hegau) BW
95%
70.858 Aschaffenburg BY
85%
68.361 Aalen BW
84%
52.635 Ahlen NW
76%
42.052 Amberg BY
72%
41.681 Ansbach BY
72%
73.487 Arnsberg NW
68%
42.268 Aurich NI
65%
31.101 Altenburg TH
64%
20.084 Aue-Bad Schlema SN
62%
34.052 Ahrensburg SH
58%
22.209 Apolda TH
56%
39.404 Ahaus NW
53%
30.132 Andernach RP
53%
7.880 Altenberg SN
52%
26.737 Aschersleben ST
52%
32.084 Achim NI
51%
18.820 Alzey RP
50%
45.472 Albstadt BW
49%
6.301 Altenkirchen (Westerwald) RP
49%
12.288 Anklam MV
49%
27.072 Arnstadt TH
49%
16.527 Altena NW
48%
19.393 Annaberg-Buchholz SN
47%
21.488 Aichach BY
46%
12.977 Altötting BY
46%
47.330 Alsdorf NW
45%
15.941 Alsfeld HE
43%
25.615 Achern BW
41%
13.637 Angermünde BB
39%
24.330 Attendorn NW
39%
18.478 Alfeld (Leine) NI
35%
280 Arnis SH
33%
1.425 Aub BY
33%
2.955 Adenau RP
30%
18.525 Alzenau BY
30%
4.980 Amöneburg HE
30%
6.635 Annaburg ST
30%
7.417 Aken (Elbe) ST
28%
15.450 Altdorf bei Nürnberg BY
27%
14.192 Abensberg BY
26%
13.654 Aßlar HE
26%
18.048 Auerbach/Vogtland SN
26%
4.034 Allendorf (Lumda) HE
25%
10.781 Altensteig BW
25%
5.221 Altentreptow MV
25%
7.085 Annweiler am Trifels RP
25%
13.517 Asperg BW
25%
6.748 Arendsee (Altmark) ST
23%
8.717 Auerbach in der Oberpfalz BY
23%
5.492 Abenberg BY
22%
6.251 Alpirsbach BW
21%
5.945 An der Schmücke TH
21%
6.597 Artern TH
21%
4.841 Adorf/Vogtland SN
20%
3.947 Amorbach BY
20%
1.472 Arneburg ST
18%
4.508 Augustusburg SN
18%
5.057 Arzberg BY
16%
9.916 Aichtal BW
14%
2.552 Alsleben (Saale) ST
14%
4.705 Amt Creuzburg TH
14%
10.177 Aulendorf BW
14%
3.394 Auma-Weidatal TH
13%
9.662 Altlandsberg BB
12%
5.099 Adelsheim BW
11%
7.650 Allstedt ST
11%
6.502 Arnstein (Sachsen-Anhalt) ST
11%
8.158 Arnstein (Unterfranken) BY
11%
Keine übereinstimmenden Quizze gefunden
Verteilung der Resultate
Anzahl Personen mit jedem Resultat
Perzentil nach korrekt beantworteten Fragen
Ihre Resultats-Entwicklung
Sie haben dieses Quiz noch nicht gespielt